Music Quiz

Random Music or Singers Quiz

Musicians in the Studio Quiz Stats

 Plays Quiz Updated Oct 5, 2018

Score 0/24 Timer 07:00
3 Plays Today
% Correct
Frank Sinatra
97%
The Jackson 5
96.5%
Aretha Franklin
95.2%
The Beatles
93.6%
Jimi Hendrix
89.5%
The Rolling Stones
87.9%
Bob Dylan
87%
Prince
83.8%
Janis Joplin
81.7%
the Supremes
80.1%
Sonny & Cher
80%
Queen
77.8%
% Correct
Frank Zappa
76.3%
Tom Petty
73.9%
The Who
68.3%
The Beach Boys
67.2%
Blondie
61.8%
Fleetwood Mac
56.5%
Miles Davis
55.7%
The Mamas and the Papas
55%
ABBA
53.5%
Lou Reed
48.9%
Talking Heads
43.5%
Billie Holiday
20.6%

You're not logged in!

Compare scores with friends on all Sporcle quizzes.
OR
Log In

Sporcle TV

Today on Sporcle TV


Watch our educational content, quiz creation guides, and fun videos on Sporcle TV.

Show Comments

Extras

Top Quizzes Today


Score Distribution

Your Account Isn't Verified!

In order to create a playlist on Sporcle, you need to verify the email address you used during registration. Go to your Sporcle Settings to finish the process.

Report this User

Report this user for behavior that violates our Community Guidelines.

Details: